Shravan kshatiyukt balak: Karan pahchan evam upchar (Record no. 8799)

MARC details
000 -LEADER
fixed length control field 00454nam a2200157Ia 4500
008 - FIXED-LENGTH DATA ELEMENTS--GENERAL INFORMATION
fixed length control field 230917s9999||||xx |||||||||||||| ||und||
020 ## - ISBN
Price RS 350.00
040 ## - CATALOGING SOURCE
Original cataloging agency VIVEKANANDA LIBRARY
082 ## - DDC NUMBER
Classification number 371.912 B469S
100 ## - MAIN ENTRY--PERSONAL NAME
Personal name Bhanot, Suman
245 #0 - TITLE STATEMENT
Title Shravan kshatiyukt balak: Karan pahchan evam upchar
260 ## - PUBLICATION, DISTRIBUTION, ETC. (IMPRINT)
Place of publication, distribution, etc New Delhi
Name of publisher, distributor, etc Kanishka Publishers, Distributors
Date of publication, distribution, etc 2022
300 ## - PHYSICAL DESCRIPTION
Pages 92 p.
500 ## - GENERAL NOTE
General note 5055 31/01/2023 KPD23/620 01/02/2023 Main Budget
942 ## - ADDED ENTRY ELEMENTS (KOHA)
Koha item type Books
Holdings
Withdrawn status Lost status Damaged status Not for loan Location (home branch) Sublocation or collection (holding branch) Shelving location Date acquired Koha issues (times borrowed) Koha full call number Accession No. Koha date last seen Koha item type Source of classification or shelving scheme
        VIVEKANANDA LIBRARY VIVEKANANDA LIBRARY Centre for Disability Studies 14/02/2023   371.912 B469S 407135 17/09/2023 Books  
        VIVEKANANDA LIBRARY VIVEKANANDA LIBRARY Centre for Disability Studies 14/02/2023   371.912 B469S 407136 17/09/2023 Books  
        VIVEKANANDA LIBRARY VIVEKANANDA LIBRARY Centre for Disability Studies 14/02/2023   371.912 B469S 407137 17/09/2023 Books  
        VIVEKANANDA LIBRARY VIVEKANANDA LIBRARY Centre for Disability Studies 14/02/2023   371.912 B469S 407138 17/09/2023 Books  
        VIVEKANANDA LIBRARY VIVEKANANDA LIBRARY Centre for Disability Studies 14/02/2023   371.912 B469S 407139 17/09/2023 Books  
        VIVEKANANDA LIBRARY VIVEKANANDA LIBRARY Centre for Disability Studies 14/03/2024   371.912 B469S 435680 14/03/2024 Books Dewey Decimal Classification
        VIVEKANANDA LIBRARY VIVEKANANDA LIBRARY Centre for Disability Studies 14/03/2024 2 371.912 B469S 435681 27/03/2026 Books Dewey Decimal Classification
© Designed and Maintained by Vivekananda Library, MDU Rohtak